Score 0/95 Timer 11:00
0 Plays Today
Area Trail % Correct
Northwoods Area - BlueTwister
94.3%
Northwoods Area - GreenSunway
90.6%
Northwoods Area - BlueShowcase
88.7%
Straight Brook Area - BlackHawkeye
88.7%
Straight Brook Area - BlackThe Rumor
88.7%
Straight Brook Area - BlackLies
88.7%
High Peaks Area - BlueCloud
88.7%
Burnt Ridge Mountain - BlackSagamore
84.9%
Northwoods Area - Blue3B
81.1%
Northwoods Area - BlackFairview
81.1%
North Side - GreenPete Gay
81.1%
Burnt Ridge Mountain - BlueEcho
81.1%
Northwoods Area - GreenRuby Run
79.2%
High Peaks Area - BlueUpper Steilhang
79.2%
North Side - BlueTahawus
77.4%
Straight Brook Area - BlackChatiemac
77.4%
Straight Brook Area - BlackUpper Darby
77.4%
High Peaks Area - BlackLower Steilhang
77.4%
Northwoods Area - Blue2B
75.5%
North Side - BlueWood Out
75.5%
Topridge Area - BlackUncas
75.5%
Straight Brook Area - BlueHeadwaters
75.5%
High Peaks Area - BlackLower Darby
75.5%
Northwoods Area - GreenLower Sunway
73.6%
Northwoods Area - BlackWild Air
73.6%
North Side - BlueSleeping Bear
73.6%
Topridge Area - BlackTopridge
73.6%
Northwoods Area - BlueFoxlair
71.7%
Topridge Area - BluePine Knot
71.7%
North Creek Ski Bowl - Black46ER
71.7%
Northwoods Area - BlueOtter Slide
69.8%
Straight Brook Area - BlackOpen Pit
69.8%
Area Trail % Correct
Glades - BlueTwister's Little Sister
69.8%
Northwoods Area - Blue1A
67.9%
Northwoods Area - BlueUpper Sleighride
67.9%
Northwoods Area - BlackLower Sleighride
67.9%
Topridge Area - BlueTannery
67.9%
High Peaks Area - BlueLittle Cloud
67.9%
High Peaks Area - BlackHullabaloo
67.9%
High Peaks Area - BlueSantanoni
66%
Northwoods Area - BlueQuicksilver
64.2%
Straight Brook Area - BlueMica
64.2%
Glades - BlackChatiemac Glades
62.3%
North Side - BlueNorth Star
60.4%
Glades - BlueOtter Slide Glades
60.4%
Glades - BlackStraight Brook
60.4%
Northwoods Area - GreenJamboree
58.5%
Northwoods Area - BlueThe Arena
58.5%
North Side - BluePowder Pass
58.5%
North Side - BlueUpper Wood In
58.5%
Glades - BlackTwister Glades
56.6%
Topridge Area - BlueLower Uncas
54.7%
Glades - BlackSagamore Glades
54.7%
Glades - BlackDouble Barrel
54.7%
North Side - GreenThe Loop
52.8%
North Creek Ski Bowl - GreenVillage Slopes
52.8%
North Creek Ski Bowl - BlueMoxham
52.8%
Glades - BlackDark Side
52.8%
High Peaks Area - BlueLower Cloud Traverse
50.9%
Glades - BlackCave Glades
50.9%
Northwoods Area - GreenJibland
49.1%
Northwoods Area - BlueCutoff
49.1%
Straight Brook Area - BlueDell
49.1%
Glades - BlackChatterbox
49.1%
Area Trail % Correct
Glades - BlackBarkeater
47.2%
North Creek Ski Bowl - BluePipeline Traverse
45.3%
Glades - BlueHalf n Half
45.3%
Northwoods Area - GreenBear Cub Run
43.4%
High Peaks Area - BlueLower Wood In Traverse
43.4%
High Peaks Area - BlueWoodchuck
43.4%
North Creek Ski Bowl - BlackHalfpipe
43.4%
Glades - BlackKill Kare
43.4%
Glades - BlackHudson
43.4%
Northwoods Area - GreenStarting Gate
41.5%
Northwoods Area - BlueLittle Dipper
41.5%
Straight Brook Area - BlueThe Glen
41.5%
Northwoods Area - BlueJug Handle
39.6%
Glades - BlackTahawus Glades
39.6%
North Creek Ski Bowl - GreenPeaceful Valley
37.7%
Glades - BlackHigh Pines
37.7%
Northwoods Area - BlueTwin Fawns
35.8%
High Peaks Area - BlueWood Lot North
35.8%
High Peaks Area - BlueWood Lot South
35.8%
Burnt Ridge Mountain - BlueCedars Traverse
35.8%
Burnt Ridge Mountain - BlueEagle's Nest Crossover
35.8%
Glades - BlackSki Bowl Glades
35.8%
Glades - BlackCirque
32.1%
North Creek Ski Bowl - BlueThe Oak Ridge Trail
30.2%
Glades - BlackDarby Woods
30.2%
Northwoods Area - BlueWard Hill
26.4%
Burnt Ridge Mountain - BlueThe Gully
24.5%
Glades - BlackMineshaft
24.5%
North Creek Ski Bowl - BlueSki Bowl Park
18.9%
Northwoods Area - BlueStokes
17%
Glades - BlackPinebrook
17%
Remove Ads.
Support Sporcle.
Get the best of Sporcle when you Go Orange. This ad-free experience offers more features, more stats, and more fun while also helping to support Sporcle. Thank you for becoming a member.

You're not logged in!

Compare scores with friends on all Sporcle quizzes.
OR
Log In

Show Comments

Extras

Created Jul 13, 2012ReportNominate
Tags:Topography Quiz, gore, trail

Top Quizzes Today


Score Distribution

Your Account Isn't Verified!

In order to create a playlist on Sporcle, you need to verify the email address you used during registration. Go to your Sporcle Settings to finish the process.

Report this User

Report this user for behavior that violates our Community Guidelines.

Details: